Statistics for 10 Countries with the Most Native Americans

Click here to take the quiz!

General Stats

  • This quiz has been taken 898 times
  • The average score is 9 of 10

Answer Stats

HintAnswer% Correct
25.7 millionMexico
98%
2.9-5 millionUnited States
98%
1.4 millionCanada
96%
6.0 millionPeru
89%
2.0 millionChile
85%
1.4 millionColombia
85%
6.8 millionBolivia
84%
955,032Argentina
83%
3.4 millionEcuador
81%
5.8 millionGuatemala
78%

Score Distribution

Percentile by Number Answered

Percent of People with Each Score

Your Score History

You have not taken this quiz